Statistics for Brawl Stars Brawlers that Start with M

Click here to take the quiz!

General Stats

  • This quiz has been taken 51 times
    (17 since last reset)
  • The average score is 6 of 8

Answer Stats

Answer% Correct
Mortis
93%
Maisie
87%
Meg
87%
Mr. P
87%
Mandy
80%
Max
73%
Melodie
73%
Mico
67%

Score Distribution

Percentile by Number Answered

Percent of People with Each Score

Your Score History

You have not taken this quiz since the last reset